[Event "Gibraltar Masters 2019"]
[Site "Caleta ENG"]
[Date "2019.01.30"]
[Round "9.105"]
[White "Tejaswini,S"]
[Black "Chen,Jonathan"]
[Result "1-0"]
[WhiteElo "2190"]
[BlackElo "1884"]

1.e4 c6 2.d4 d5 3.Nc3 dxe4 4.Nxe4 Bf5 5.Ng3 Bg6 6.h4 h6 7.h5 Bh7 8.Nf3 Nd7
9.Bd3 Bxd3 10.Qxd3 e6 11.Bd2 Ngf6 12.O-O-O Qc7 13.Ne4 O-O-O 14.g3 Nxe4 15.Qxe4 Nf6
16.Qe2 Bd6 17.c4 c5 18.Bc3 cxd4 19.Nxd4 a6 20.Kb1 Kb8 21.Nb3 Qc6 22.Na5 Qb6
23.Ka1 Be7 24.Qf3 Ka8 25.b4 e5 26.c5 Qc7 27.Nc4 e4 28.Qe2 Rxd1+ 29.Rxd1 Rd8
30.Be5 Rxd1+ 31.Qxd1 Qd8 32.Nd6 Qd7 33.Kb1 Ng4 34.Bxg7 f6 35.Qd4 Bd8 36.Bf8 Qh7
37.Qxe4 Qxe4+ 38.Nxe4 f5 39.Nd6 Nxf2 40.Nxf5 Nd3 41.Bxh6 Nxb4 42.Bg7 Bg5
43.h6 Bxh6 44.Bxh6 Nd3 45.Be3 Ne5 46.Nd6 Ng6 47.Kc2 Kb8 48.Kd3 Kc7 49.Ke4 Kd7
50.Nf7 Ke6 51.Nd8+ Kd7 52.Nxb7 Kc6 53.Nd6 Nf8 54.Nc4 Ne6 55.Ne5+ Kc7 56.Kd5 Nd8
57.c6 a5 58.Bg5  1-0

[Event "Gibraltar Masters 2019"]
[Site "Caleta ENG"]
[Date "2019.01.30"]
[Round "9.106"]
[White "Martinez Martin,D"]
[Black "Verneuil,P"]
[Result "0-1"]
[WhiteElo "2416"]
[BlackElo "2114"]

1.e4 c5 2.d4 cxd4 3.Nf3 Nc6 4.c3 dxc3 5.Nxc3 d6 6.Bc4 e6 7.O-O Be7 8.Qe2 Nf6
9.Rd1 e5 10.h3 O-O 11.b4 a6 12.Bb2 b5 13.Bb3 Qb6 14.Nd5 Nxd5 15.exd5 Nd8
16.Rac1 Bd7 17.Bd4 Qb7 18.Bxe5 dxe5 19.d6 Bxd6 20.Rxd6 Be6 21.Nxe5 Bxb3 22.axb3 Rc8
23.Rxc8 Qxc8 24.Nd7 Nb7 25.Rd3 Re8 26.Qg4 Qc1+ 27.Kh2 Qh6 28.Nc5 Nd6 29.Qd4 Nc8
30.Rg3 Nd6 31.Rd3 Nc8 32.Nd7 Kh8 33.Ne5 Qe6 34.Re3 Kg8 35.Qf4 f6 36.Ng4 Qf7
37.Rg3 Kh8 38.Rc3 Ne7 39.Qc7 h5 40.Ne3 Qe6 41.Rc5 g6 42.Qf4 Kg7 43.Rc7 g5
44.Qd4 Kf8 45.Rd7 Nc8 46.Qc5+ Kg8 47.Qc7 Ne7 48.g3 h4 49.gxh4 gxh4 50.Ng4 Nf5
51.Rf7 Qxf7  0-1

[Event "Gibraltar Masters 2019"]
[Site "Caleta ENG"]
[Date "2019.01.30"]
[Round "9.107"]
[White "Hoolt,S"]
[Black "Semprun Martinez,F"]
[Result "1/2-1/2"]
[WhiteElo "2358"]
[BlackElo "2076"]

1.e4 c5 2.Nf3 d6 3.Bb5+ Nd7 4.d4 cxd4 5.Qxd4 a6 6.Be2 e5 7.Qe3 Ngf6 8.c4 d5
9.exd5 Bc5 10.Qb3 e4 11.Ng5 Qe7 12.Be3 h6 13.Nh3 O-O 14.Nd2 b5 15.O-O Rb8
16.Bxc5 Nxc5 17.Qg3 Bxh3 18.Qxh3 bxc4 19.Bxc4 Rxb2 20.Nb3 Nd3 21.Rad1 Rd8
22.Bxd3 exd3 23.Rxd3 Rxa2 24.Qf3 Qe4 25.Qxe4 Nxe4 26.f3 Nd6 27.Rf2 Ra3 28.Rc2 a5
29.Rc6 a4 30.Nc1 Rxd3 31.Nxd3 Nb5 32.Nb4  1/2-1/2

[Event "Gibraltar Masters 2019"]
[Site "Caleta ENG"]
[Date "2019.01.30"]
[Round "9.108"]
[White "Heinemann,Josefine"]
[Black "Hng,Mei-En Emmanuelle"]
[Result "1/2-1/2"]
[WhiteElo "2304"]
[BlackElo "2071"]

1.e4 c5 2.Nf3 e6 3.d4 cxd4 4.Nxd4 a6 5.c4 Nf6 6.Nc3 Bb4 7.Qd3 d6 8.Nc2 Ba5
9.b4 Bc7 10.Be2 Nc6 11.O-O Ne5 12.Qd1 h5 13.Bg5 Bd7 14.h3 Rc8 15.Rc1 Bb8
16.Ne3 Qb6 17.a3 Ng6 18.Bxf6 gxf6 19.Bxh5 Nf4 20.Bg4 a5 21.Qf3 d5 22.exd5 axb4
23.axb4 f5 24.dxe6 fxe6 25.Bxf5 exf5 26.Rfe1 Kf8 27.Rcd1 Rh7 28.b5 Qg6 29.Kf1 Be6
30.Rd4 Nh5 31.Ned5 Rf7 32.Rxe6 Ng3+ 33.Qxg3 Qxe6 34.Qh4 Be5 35.Rd3 f4 36.Ne4 Qg6
37.f3 Rxc4 38.Ndc3 Bf6 39.Qg4 Qxg4 40.hxg4 Bd4 41.Ke2 Rb4 42.Nd5 Rb2+ 43.Rd2 Rxd2+
44.Nxd2 Be5 45.Kd3 Rh7 46.Nc4 Bb8 47.Ke4 Rh2 48.Nxf4 Bxf4 49.Kxf4 Rxg2 50.Ke4 Rc2
51.Kd5 Ke7 52.f4 Rf2 53.f5 Rf4 54.Ne3 Kf6 55.Kd6 Kg5 56.b6 Re4 57.Nd5 Rxg4
58.Kc7 Rd4 59.Ne7 Kf6 60.Nc8 Rb4 61.Kxb7 Rxb6+ 62.Nxb6  1/2-1/2

[Event "Gibraltar Masters 2019"]
[Site "Caleta ENG"]
[Date "2019.01.30"]
[Round "9.109"]
[White "Veltkamp,G"]
[Black "Jaksland,T"]
[Result "0-1"]
[WhiteElo "2117"]
[BlackElo "2264"]

1.Nf3 c5 2.g3 g6 3.Bg2 Bg7 4.O-O Nc6 5.c4 e6 6.Nc3 Nge7 7.b3 O-O 8.Bb2 d5
9.Na4 b6 10.Bxg7 Kxg7 11.d4 cxd4 12.Nxd4 Bb7 13.c5 e5 14.Nc2 Rc8 15.b4 bxc5
16.Nxc5 Ba8 17.Nd3 Qd6 18.Qd2 Rfd8 19.b5 Nb8 20.a4 Nd7 21.Rfc1 Nb6 22.a5 Nc4
23.Qb4 Qxb4 24.Ncxb4 Rb8 25.Nxd5 Bxd5 26.Bxd5 Rxd5 27.Rxc4 Rbxb5 28.Rc7 Nf5
29.a6 Nd4 30.Rxa7 Nxe2+ 31.Kf1 Nxg3+ 32.hxg3 Rxd3 33.Ra8 Rdd5 34.Rc1 Ra5
35.Rc7 Rd6 36.a7 Rda6 37.Kg2 Ra2 38.Kf3 R6a3+ 39.Ke4 Ra5 40.Kd3 h5 41.Ke4 R2a4+
42.Kf3 e4+ 43.Ke3 Rf5 44.Rd8 Rf3+ 45.Ke2 Ra2+ 46.Ke1 Rb3 47.Rd2 Rba3 48.Rdd7 Ra1+
49.Kd2 R1a2+ 50.Ke1 Ra1+ 51.Kd2 Rf3 52.Ke2 Ra2+ 53.Ke1 e3 54.fxe3 Rxe3+ 55.Kd1 Rxg3
56.Rxf7+ Kh6 57.Rf1 Rga3 58.Rff7 Rg3 59.Rf1 Rgg2 60.Re1 Ra1+ 61.Rc1 Rxa7
62.Rc2 Rxc2 63.Kxc2 Rd7  0-1

[Event "Gibraltar Masters 2019"]
[Site "Caleta ENG"]
[Date "2019.01.30"]
[Round "9.110"]
[White "Obiamiwe,P"]
[Black "Nikolaidis,K"]
[Result "0-1"]
[WhiteElo "1903"]
[BlackElo "2167"]

1.Nf3 d5 2.d4 Nf6 3.c4 dxc4 4.Nc3 a6 5.a4 Nc6 6.e3 Na5 7.Ne5 Be6 8.Be2 c6
9.O-O g6 10.Ra3 Nd7 11.Nxd7 Qxd7 12.Ne4 Nb3 13.Bd2 Bd5 14.Nc5 Nxc5 15.dxc5 e5
16.e4 Bxe4 17.Bxc4 O-O-O 18.Qe2 Qxd2 19.Qxe4 Qd4 20.Qe2 Bxc5 21.Rb3 Rd7 22.Bxa6 bxa6
23.Qxa6+ Kc7 24.Rb7+ Kd6 25.Rb3 Ke7 26.Qxc6 Qxf2+  0-1

[Event "Gibraltar Masters 2019"]
[Site "Caleta ENG"]
[Date "2019.01.30"]
[Round "9.111"]
[White "Vila Dupla,A"]
[Black "Herzwurm,R"]
[Result "0-1"]
[WhiteElo "2166"]
[BlackElo "2021"]

1.Nf3 Nf6 2.d4 g6 3.c4 Bg7 4.Nc3 O-O 5.g3 d6 6.Bg2 c5 7.O-O cxd4 8.Nxd4 Nc6
9.Nxc6 bxc6 10.Bxc6 Rb8 11.Bg2 Qa5 12.Qd2 Ba6 13.b3 Rxb3 14.axb3 Qxa1 15.Bb2 Qa5
16.Ra1 Qb6 17.Nb5 Bxb5 18.Bd4 Ne4 19.Bxb6 Nxd2 20.Rxa7 Be8 21.c5 dxc5 22.Bxc5 Bf6
23.Bd5 Nb1 24.Bxe7 Bxe7 25.Rxe7 Nc3 26.Bc4 Bb5 27.Bxb5 Nxb5 28.Rb7 Nc3 29.e3 Rd8
30.Rc7 Ne4 31.Re7 f5 32.f3 Nd2 33.Kg2 Nxb3 34.e4 Rd2+ 35.Kh3 fxe4 36.Rxe4 Rf2
37.f4 Nd2 38.Ra4 Nf1 39.Kg4 Rxh2 40.Ra1 Ne3+ 41.Kf3 Nf5 42.g4 Rh3+ 43.Kf2 Nd4
44.Ra8+ Kf7 45.Ra7+ Ke6 46.Kg2 Rh6 47.f5+ Nxf5 48.gxf5+ Kxf5 49.Ra5+ Ke4
50.Ra4+ Kd3 51.Ra3+ Kc4 52.Ra5 Kb4 53.Re5 Rh4 54.Kg3 Rd4 55.Re7 h5 56.Rc7 Rc4
57.Rg7 Rg4+ 58.Kh3 Kc5 59.Rd7 Kc6 60.Rd2 Rg5 61.Kh4 Rd5 62.Rg2 Rd4+ 63.Kg5 Kd7
64.Rg1 Ke7 65.Rg2 Ke6 66.Re2+ Kf7 67.Rg2 Kg7 68.Rg1 Rd5+ 69.Kh4 Kh6 70.Rg3 Rd4+
71.Kh3 g5 72.Ra3 Kg6 73.Ra8 Rd3+ 74.Kg2 Re3 75.Kf2 Re5 76.Kg3 h4+ 77.Kg4 Re4+
78.Kf3 Rf4+ 79.Kg2 Kh5 80.Ra5 Kg4 81.Ra3 Rc4 82.Ra2 Kf4 83.Rf2+ Kg4 84.Re2 h3+
85.Kh2 Kh4 86.Rb2 g4 87.Rb1 g3+  0-1

[Event "Gibraltar Masters 2019"]
[Site "Caleta ENG"]
[Date "2019.01.30"]
[Round "9.112"]
[White "Pakosta,M"]
[Black "Lochte,S"]
[Result "1/2-1/2"]
[WhiteElo "2166"]
[BlackElo "1868"]

1.e4 c5 2.Nf3 e6 3.c3 d5 4.e5 Nc6 5.d4 Qb6 6.a3 Nge7 7.Bd3 Bd7 8.Bc2 Ng6
9.h4 Nge7 10.dxc5 Qxc5 11.Nbd2 Ng6 12.Nb3 Qc4 13.Nfd4 Ngxe5 14.Bf4 Be7 15.Bxe5 Nxe5
16.f4 Ng6 17.g3 Bd6 18.h5 Ne7 19.Bd3 Qa4 20.Qc2 h6 21.Kd2 O-O-O 22.Rhe1 Kb8
23.Rac1 Nc8 24.Rcd1 Nb6 25.Kc1 Nc4 26.Qe2 Rc8 27.Bxc4 Rxc4 28.Kb1 Rhc8 29.Ka2 Be8
30.Rd3 Qd7 31.Nc2 Re4 32.Qd2 Rxe1 33.Qxe1 Qe7 34.Ncd4 Ba4 35.f5 e5 36.Nc2 Qc7
37.Ne3 Qb6 38.Nd2 d4 39.cxd4 exd4 40.Nec4 Qc5 41.Qe4 Bc2 42.Nxd6 Qxd6 43.Qxd4 Qxd4
44.Rxd4 Bxf5 45.Nf3 Be6+ 46.Kb1 Rc4 47.Rxc4 Bxc4 48.Nd4 Kc7 49.Kc2 g6 50.hxg6 fxg6  1/2-1/2

[Event "Gibraltar Masters 2019"]
[Site "Caleta ENG"]
[Date "2019.01.30"]
[Round "9.113"]
[White "Wilson,Matthew R"]
[Black "Baert,A"]
[Result "0-1"]
[WhiteElo "1822"]
[BlackElo "2147"]

1.e4 c5 2.Nf3 d6 3.Bb5+ Nd7 4.c3 Nf6 5.Qe2 a6 6.Ba4 e5 7.d4 Qc7 8.O-O Be7
9.Rd1 O-O 10.Bc2 Re8 11.h3 Nf8 12.dxe5 dxe5 13.Nbd2 Ng6 14.Nc4 Be6 15.Bg5 h6
16.Bxf6 Bxf6 17.Ne3 Nf4 18.Qf1 Rad8 19.c4 b5 20.Nd5 Bxd5 21.cxd5 Be7 22.g3 Ng6
23.a4 Rb8 24.axb5 axb5 25.Ra6 Rb6 26.Rda1 Reb8 27.h4 c4 28.Qh3 Bc5 29.Ra7 Qd8
30.Kg2  0-1

[Event "Gibraltar Masters 2019"]
[Site "Caleta ENG"]
[Date "2019.01.30"]
[Round "9.114"]
[White "Teh,Wee Zhun"]
[Black "Giulian,P"]
[Result "1/2-1/2"]
[WhiteElo "1818"]
[BlackElo "2165"]

1.d4 d5 2.c4 e6 3.Nc3 c6 4.e4 dxe4 5.Nxe4 Bb4+ 6.Nc3 e5 7.Be3 exd4 8.Qxd4 Qxd4
9.Bxd4 Nf6 10.a3 Bxc3+ 11.Bxc3 O-O 12.Bxf6 gxf6 13.Bd3 Nd7 14.Nf3 Nc5 15.Bc2 Re8+
16.Kd2 Ne4+ 17.Bxe4 Rxe4 18.b3 Bg4 19.Rhe1 Rd8+ 20.Kc3 Bxf3 21.gxf3 Red4
22.Re3 Rd2 23.Re8+ Rxe8 24.Kxd2 Kg7 25.Rg1+ Kh6 26.Rg4 f5 27.Rd4 Re7 28.Rh4+ Kg6
29.f4 Re4 30.f3 Rd4+ 31.Kc3 c5 32.a4 b6 33.Kc2 h6 34.Kc3 Rd1 35.Rh3 Rf1 36.Kc2 Rf2+
37.Kc3 Kh7 38.Kd3 Rf1 39.Kc2 Rf2+  1/2-1/2

[Event "Gibraltar Masters 2019"]
[Site "Caleta ENG"]
[Date "2019.01.30"]
[Round "9.115"]
[White "Logothetis,S"]
[Black "Hamer,M"]
[Result "1/2-1/2"]
[WhiteElo "2210"]
[BlackElo "2046"]

1.d4 Nf6 2.Nf3 g6 3.Bg5 Bg7 4.c3 O-O 5.Nbd2 d6 6.e4 h6 7.Bh4 c5 8.dxc5 dxc5
9.Be2 Nc6 10.O-O Nh5 11.Re1 Qc7 12.Qc2 b6 13.Rad1 Bb7 14.Nc4 Rad8 15.Ne3 Nf4
16.Nd5 Nxd5 17.exd5 Ne5 18.c4 Bc8 19.Bg3 Bf5 20.Qc1 Nxf3+ 21.Bxf3 Qd7 22.Be5 Rfe8
23.Qc3 Bxe5 24.Rxe5 Bg4 25.Rde1 Bxf3 26.Qxf3 h5 27.Qe3 Kf8 28.Qh6+ Kg8 29.h3 Qd6
30.R1e4 Qf6 31.Qe3 Rd7 32.a3 Kg7 33.b4 Rc7 34.b5 Kg8 35.g3 Rd7 36.Kg2 Rc7
37.a4 Rd7 38.a5 Rc7 39.a6 Rd7 40.Kg1 Rc7 41.Kg2 Rd7 42.Qe2 Rc7 43.Re3 Rd7
44.g4 hxg4 45.hxg4 Kg7 46.g5 Qf4 47.Qb2 Qd4 48.Qxd4 cxd4 49.Rd3 Rc8 50.Rxd4 e6
51.Rde4 exd5 52.Rxd5 Rxd5 53.cxd5 Rc5 54.Rd4 Kf8 55.f4 Rxb5 56.d6 Ke8 57.Re4+ Kd7
58.Re7+ Kxd6 59.Rxf7 Ra5 60.Rxa7 Ke6 61.Kf3 Ra1 62.Ra8 Kf7 63.Ke4 Ra5 64.Ra7+ Kg8
65.Ra8+ Kg7 66.Ra7+ Kg8 67.Rb7 Rxa6 68.Ke5 b5 69.Rxb5 Ra7 70.Rd5 Kf7 71.Rc5 Re7+
72.Kd5 Rd7+ 73.Ke4 Re7+ 74.Re5 Ra7 75.Rb5 Re7+ 76.Kd4 Ra7 77.Rb6 Ra4+ 78.Ke5 Ra5+
79.Kd6 Ra4 80.Rb7+ Kf8 81.Ke5 Ra5+ 82.Kf6 Ra6+ 83.Ke5 Ra5+ 84.Ke4 Ra4+ 85.Kf3 Ra3+
86.Kg4 Ra4 87.Rd7 Ra3 88.Rc7 Kg8 89.Rb7 Kf8 90.Rb4 Kg7  1/2-1/2

[Event "Gibraltar Masters 2019"]
[Site "Caleta ENG"]
[Date "2019.01.30"]
[Round "9.116"]
[White "Redondo Flores,D"]
[Black "Waddington,M"]
[Result "1/2-1/2"]
[WhiteElo "1970"]
[BlackElo "2094"]

1.e4 e5 2.Nf3 Nc6 3.Bc4 Bc5 4.d3 Nf6 5.Nc3 d6 6.Na4 O-O 7.a3 Bg4 8.h3 Be6
9.Bxe6 fxe6 10.Nxc5 dxc5 11.O-O Qd6 12.b3 Nd4 13.a4 Nxf3+ 14.Qxf3 Nd5 15.Qg4 Nf4
16.g3 Rf6 17.Kh2 Ng6 18.Bg5 Rf7 19.Be3 Raf8 20.Kg2 Ne7 21.Qe2 Nc6 22.c3 b6
23.Rad1 Rd7 24.Rd2 Na5 25.Qd1 Qe7 26.h4 Rf7 27.Qb1 Nc6 28.Qd1 Rd6 29.Qc2 Qf6
30.f3 h6 31.Rdf2 Rfd7 32.Rd2 Qd8 33.Rfd1 Qe7 34.Qb1 Rd8 35.Qc2 R6d7 36.Qb1 a6
37.Qc2 Ra8 38.Ra1  1/2-1/2

[Event "Gibraltar Masters 2019"]
[Site "Caleta ENG"]
[Date "2019.01.30"]
[Round "9.117"]
[White "Suez Panama,G"]
[Black "Giulian,R"]
[Result "1/2-1/2"]
[WhiteElo "2078"]
[BlackElo "1908"]

1.Nf3 e6 2.b3 Nf6 3.Bb2 d5 4.e3 Be7 5.Bd3 O-O 6.O-O c5 7.Ne5 Nfd7 8.f4 Nxe5
9.fxe5 g6 10.Rf3 Nc6 11.Bb5 Bd7 12.a4 a6 13.Bxc6 Bxc6 14.Rh3 f5 15.d4 b5
16.Nc3 Qd7 17.a5 Rf7 18.Ne2 c4 19.Nf4 Rg7 20.Qd2 Qc8 21.Ba3 Bxa3 22.Rxa3 Be8
23.b4 g5 24.Ne2 Raa7 25.Rh6 Bf7 26.c3 Qd8 27.Qe1 Rg6 28.Rxg6+ Bxg6 29.Ra2 Rg7
30.Qf2 Qe7 31.Ra1 h6 32.Rf1 Rf7 33.Qg3 Rg7 34.Qf2 Rf7 35.Qg3 Rg7 36.Qf2  1/2-1/2

[Event "Gibraltar Masters 2019"]
[Site "Caleta ENG"]
[Date "2019.01.30"]
[Round "9.118"]
[White "Francois-Haugrin,Said"]
[Black "Kozarcanin,S"]
[Result "1-0"]
[WhiteElo "1825"]
[BlackElo "2048"]

1.e4 e5 2.Nf3 Nc6 3.Bc4 Nf6 4.d4 exd4 5.O-O Nxe4 6.Re1 d5 7.Bb5 Be7 8.Nxd4 Qd6
9.f3 Nf6 10.Qe2 Be6 11.Kh1 O-O-O 12.Bxc6 bxc6 13.Qa6+ Kd7 14.Bf4 Qc5 15.c3 Bd6
16.Bg5 Qb6 17.Qa4 Bc5 18.Nb3 h6 19.Bxf6 gxf6 20.N1d2 Ke7 21.Nxc5 Qxc5 22.Nb3 Qb6
23.Nd4 Kd7 24.f4 f5 25.Rad1 Kd6 26.c4 c5 27.Nxf5+  1-0

[Event "Gibraltar Masters 2019"]
[Site "Caleta ENG"]
[Date "2019.01.30"]
[Round "9.119"]
[White "Vilarnovo Caamano,J"]
[Black "Munoz,Ra"]
[Result "1/2-1/2"]
[WhiteElo "1945"]
[BlackElo "2040"]

1.e4 c5 2.Nf3 e6 3.d4 cxd4 4.Nxd4 Nf6 5.Nc3 d6 6.Be2 Be7 7.f4 a6 8.Be3 Nc6
9.O-O Qc7 10.Kh1 O-O 11.Qe1 Nxd4 12.Bxd4 b5 13.a3 Bb7 14.Qg3 Rad8 15.Rae1 Bc6
16.Bd3 Nh5 17.Qh3 g6 18.g4 Ng7 19.Qh6 f6 20.f5 exf5 21.gxf5 g5 22.h4 g4 23.Rf4 Kh8
24.Nd5 Bxd5 25.exd5 Rf7 26.Rxg4 Qb7 27.Be4 Qd7 28.Rf1 Re8 29.Bd3 Qb7 30.Rfg1 Qxd5+
31.Be4 Qxd4 32.Rxg7 Qxe4+ 33.R1g2 Qe1+ 34.Kh2 Qe5+ 35.Kh1  1/2-1/2

[Event "Gibraltar Masters 2019"]
[Site "Caleta ENG"]
[Date "2019.01.30"]
[Round "9.120"]
[White "Gravett,A"]
[Black "Hewson,Brian W R"]
[Result "0-1"]
[WhiteElo "1840"]
[BlackElo "2006"]

1.g3 e5 2.Bg2 Nc6 3.c4 g6 4.Nc3 Bg7 5.d3 Nge7 6.e4 d6 7.Nge2 O-O 8.O-O Be6
9.Rb1 a5 10.b3 Qd7 11.Nd5 Nb4 12.Nec3 Nbxd5 13.Nxd5 Nxd5 14.cxd5 Bh3 15.Be3 Bxg2
16.Kxg2 c6 17.dxc6 bxc6 18.d4 Rfe8 19.dxe5 Rxe5 20.Bf4 Rxe4 21.Qxd6 Qxd6
22.Bxd6 Re2 23.a4 Bd4 24.Rbe1 Rb2 25.Rb1 Ra2 26.Rbc1 Rb2 27.Rb1 Rxb1 28.Rxb1 c5
29.Rc1 Rc8 30.Bf4 Rc6 31.Bd2 Rb6 32.Bxa5 Rxb3 33.Be1 Ra3 34.Rc4 Kg7 35.Kf1 Kf6
36.a5 Ke6 37.Rc1 Ra4 38.Rd1 Kd5 39.Ke2 Ra2+ 40.Kf1 Kc6 41.h3 Kb5 42.g4 f6
43.Rb1+ Rb2 44.Rxb2+ Bxb2 45.Ke2 Be5 46.Kd3 Bc7 47.a6 Kxa6 48.Kc4 Kb6 49.Bd2 Kc6
50.Bc1 Be5 51.f4 Bd4 52.h4 Kd6 53.Ba3 Bf2 54.f5 gxf5  0-1

[Event "Gibraltar Masters 2019"]
[Site "Caleta ENG"]
[Date "2019.01.30"]
[Round "9.100"]
[White "Spence,D"]
[Black "Villar,Ju"]
[Result "1/2-1/2"]
[WhiteElo "2143"]
[BlackElo "2237"]

1.e4 c5 2.c3 d5 3.exd5 Qxd5 4.d4 Nf6 5.Nf3 e6 6.Be3 cxd4 7.cxd4 Nc6 8.a3 Be7
9.Nc3 Qd6 10.Bd3 O-O 11.O-O b6 12.Qe2 Bb7 13.Rad1 Rfd8 14.Rfe1 Rac8 15.Bg5 h6
16.Bxf6 Bxf6 17.d5 exd5 18.Bf5 Rb8 19.Nxd5 g6 20.Be4 Nd4 21.Nxf6+ Qxf6 22.Nxd4 Rxd4
23.Rxd4 Qxd4 24.Bxb7 Rxb7 25.Qe8+ Kg7 26.Qe5+ Qxe5 27.Rxe5 Rd7 28.Kf1 Kf6
29.Re3 Rd2 30.b4 Rc2 31.g3  1/2-1/2

[Event "Gibraltar Masters 2019"]
[Site "Caleta ENG"]
[Date "2019.01.30"]
[Round "9.99"]
[White "Moksh,Amit Doshi"]
[Black "Ramasindraibe,Girard"]
[Result "0-1"]
[WhiteElo "2242"]
[BlackElo "2129"]

1.d4 Nf6 2.c4 g6 3.g3 d5 4.cxd5 Nxd5 5.Bg2 Bg7 6.Nf3 O-O 7.O-O c6 8.e4 Nb6
9.h3 a5 10.Nc3 Na6 11.Qe2 Be6 12.Rd1 Bc4 13.Qd2 Nb4 14.b3 Ba6 15.Ne1 e5 16.d5 cxd5
17.exd5 e4 18.Bb2 f5 19.f3 N6xd5 20.Nxd5 Bxb2 21.Qxb2 Nxd5 22.Qe5 Qb6+ 23.Kh2 Nf6
24.Rd6 Rae8 25.Qf4 Qb4 26.Rc1 Nh5 27.Qd2 Qxd2 28.Rxd2 e3 29.Rd5 f4 30.gxf4 Nxf4
31.Rxa5 Nd3 32.Nxd3 Bxd3 33.Rd5 e2 34.Re1 Ba6 35.Kg3 Rc8 36.b4 Bc4 37.Re5 Ra8
38.f4 Ra3+ 39.Bf3 Kg7 40.Rc5 b5 41.Re5 Kh6 42.h4 Rf5 43.Kg4 Kg7 44.h5 Rxh5
45.Rxh5 gxh5+ 46.Kg3 Bd5 47.Rxe2 Rxf3+  0-1

[Event "Gibraltar Masters 2019"]
[Site "Caleta ENG"]
[Date "2019.01.30"]
[Round "9.98"]
[White "Mannion,Stephen R"]
[Black "Kandic,Mila"]
[Result "1-0"]
[WhiteElo "2293"]
[BlackElo "2136"]

1.e4 d6 2.d4 Nf6 3.Nc3 e5 4.Nf3 Nbd7 5.Bc4 Be7 6.O-O O-O 7.Re1 c6 8.a4 exd4
9.Nxd4 Ne5 10.Bf1 Re8 11.a5 Bf8 12.Bg5 h6 13.Bh4 Ng6 14.Bg3 d5 15.e5 Nh7
16.f4 Bc5 17.Kh1 Nh4 18.Bf2 Nf5 19.Nxc6 bxc6 20.Bxc5 d4 21.Ne4 Ne3 22.Rxe3 dxe3
23.Nd6 f6 24.Qh5 Be6 25.f5 Bd5 26.e6 Ng5 27.Qxe8+ Qxe8 28.Nxe8 Rxe8 29.Bxa7 Be4
30.Bd3 e2 31.Re1 g6 32.h4 Bxd3 33.cxd3 Nh7 34.Rxe2 gxf5 35.e7 Kf7 36.Bb6 f4
37.Bd8  1-0

[Event "Gibraltar Masters 2019"]
[Site "Caleta ENG"]
[Date "2019.01.30"]
[Round "9.97"]
[White "Crespo,E"]
[Black "Zuo,Yifan"]
[Result "1/2-1/2"]
[WhiteElo "2169"]
[BlackElo "2298"]

1.e4 c5 2.Nf3 Nc6 3.d4 cxd4 4.Nxd4 g6 5.Nc3 Bg7 6.Be3 Nf6 7.Be2 O-O 8.Nb3 a5
9.a4 d6 10.O-O Be6 11.f4 Nd7 12.Qd2 Nb6 13.Nd5 Bxd5 14.exd5 Nb4 15.c4 Qc7
16.Nxa5 N6xd5 17.cxd5 Qxa5 18.Bb5 b6 19.Rac1 Na6 20.Qe2 Nc5 21.Rc4 Qa7 22.Qc2 e6
23.Rd1 Qe7 24.Bf2 exd5 25.Rxd5 Qe6 26.Qd1 Rfd8 27.b3 Bf6 28.h3 Rab8 29.Qf3 Qe7
30.b4 Ne6 31.f5 Nc7 32.Rxc7 Qxc7 33.fxg6 Be5 34.gxh7+ Kh8 35.Rd1 f6 36.Bd3 d5
37.Bh4 Rd6 38.Rf1 Qg7 39.Kh1  1/2-1/2

[Event "Gibraltar Masters 2019"]
[Site "Caleta ENG"]
[Date "2019.01.30"]
[Round "9.96"]
[White "Bopp,T"]
[Black "Welling,G"]
[Result "0-1"]
[WhiteElo "2171"]
[BlackElo "2299"]

1.d4 g6 2.g3 Bg7 3.Bg2 d6 4.e4 Nc6 5.Be3 e5 6.d5 Nce7 7.Nc3 f5 8.Nge2 Nf6
9.h3 O-O 10.Qd2 Bd7 11.O-O-O b5 12.Rdg1 b4 13.Nd1 a5 14.Bh6 Bb5 15.Bxg7 Kxg7
16.f4 Nxe4 17.Bxe4 fxe4 18.Ne3 Bxe2 19.Qxe2 exf4 20.gxf4 Rxf4 21.Rg4 Qf8
22.Qd2 h5 23.Rxf4 Qxf4 24.Rf1 Qe5 25.Qf2 Nf5 26.Nxf5+ Qxf5 27.Qxf5 gxf5 28.Rxf5 Kg6
29.Rf4 Re8 30.h4 e3 31.Kd1 Re5 32.Ke2 Rxd5 33.Kxe3 Rf5 34.Rc4 c5 35.a3 Kf6
36.axb4 axb4 37.b3 Ke5 38.Re4+ Kd5 39.c4+ bxc3 40.Rc4 Rf8 41.Rxc3 Rg8 42.Kf2 Rg4
43.Rh3 Kc6 44.Ke2 Rd4 45.Ke1 Kb5 46.Ke2 Kb4 47.Ke1 d5 48.Ke2 c4 49.bxc4 dxc4
50.Rh1 c3 51.Ke3 Rd8 52.Kf4 c2 53.Rc1 Kc3 54.Kg5 Rd5+  0-1

[Event "Gibraltar Masters 2019"]
[Site "Caleta ENG"]
[Date "2019.01.30"]
[Round "9.121"]
[White "Christophe Hayot,R"]
[Black "Dasaolu,R"]
[Result "1/2-1/2"]
[WhiteElo "1729"]
[BlackElo "2038"]

1.d4 Nf6 2.Nc3 d5 3.e4 dxe4 4.Bc4 Bg4 5.Nge2 e6 6.h3 Bh5 7.g4 Bg6 8.Bg5 Nbd7
9.Qd2 h6 10.Bh4 c6 11.Nf4 Bh7 12.Nh5 g5 13.Nxf6+ Nxf6 14.Bg3 Bd6 15.Rg1 Qc7
16.O-O-O Nd5 17.Rde1 e3 18.Rxe3 Nxe3 19.Qxe3 Bf4 20.Bxf4 Qxf4 21.Re1 O-O-O
22.Ne2 Qxe3+ 23.fxe3 Kd7 24.Rf1 Ke7 25.Ng3 Bg6 26.c3 Rhf8 27.e4 f6 28.Re1 Kd7
29.d5 cxd5 30.exd5 e5 31.Bb5+ Kd6  1/2-1/2

[Event "Gibraltar Masters 2019"]
[Site "Caleta ENG"]
[Date "2019.01.30"]
[Round "9.95"]
[White "Tate,A"]
[Black "Smith,An"]
[Result "1-0"]
[WhiteElo "2335"]
[BlackElo "2167"]

1.Nf3 c5 2.e4 Nc6 3.d4 cxd4 4.Nxd4 Nf6 5.Nc3 e5 6.Ndb5 d6 7.Bg5 a6 8.Na3 b5
9.Bxf6 gxf6 10.Nd5 Bg7 11.c3 O-O 12.Qh5 Ne7 13.Bd3 f5 14.Nxe7+ Qxe7 15.exf5 e4
16.Be2 b4 17.Nc2 bxc3 18.b3 Bb7 19.g4 e3 20.f3 Qe5 21.O-O-O Rfd8 22.Rd4 Bc6
23.Rhd1 Bb5 24.Re4 Qf6 25.Rd5 Re8 26.g5 Qd8 27.Kd1 Rxe4 28.fxe4 Bc6 29.Bc4 Qe8
30.Qg4 Bxd5 31.Bxd5 Qb5 32.Qe2 Re8 33.Qxb5 axb5 34.f6 Bf8 35.Nxe3 h6 36.g6 Kh8
37.g7+ Bxg7 38.fxg7+ Kxg7 39.Kc2 b4 40.Kd3 Kf6 41.Nc2 Rb8 42.a3 bxa3 43.Nxa3 Rg8
44.b4 Ke7 45.b5 Rg2 46.b6 Kd7 47.Kxc3 Rxh2 48.Nb5 Rg2 49.Nd4 Kc8 50.Nf5 h5
51.Nxd6+ Kb8 52.Nxf7 Rg7 53.Ne5 h4 54.Nd3 h3 55.Nc5 h2 56.e5 Rh7 57.Bh1 Rg7
58.e6  1-0

[Event "Gibraltar Masters 2019"]
[Site "Caleta ENG"]
[Date "2019.01.30"]
[Round "9.94"]
[White "Quillan,G"]
[Black "Movileanu,Daniela"]
[Result "1-0"]
[WhiteElo "2364"]
[BlackElo "2174"]

1.e4 c5 2.Nc3 e6 3.f4 Ne7 4.Nf3 Nec6 5.Bc4 Be7 6.O-O O-O 7.d3 Nd4 8.e5 d5
9.exd6 Qxd6 10.Ne4 Qc7 11.Nxd4 cxd4 12.Qh5 Nc6 13.Bd2 Bb4 14.Bxb4 Nxb4 15.Nf6+ gxf6
16.Rf3 e5 17.Rg3+ Kh8 18.Qh6  1-0

[Event "Gibraltar Masters 2019"]
[Site "Caleta ENG"]
[Date "2019.01.30"]
[Round "9.93"]
[White "Carreto Nieto,G"]
[Black "Arakhamia-Grant,K"]
[Result "0-1"]
[WhiteElo "2174"]
[BlackElo "2372"]

1.e4 c5 2.Nf3 Nc6 3.d4 cxd4 4.Nxd4 e5 5.Nb5 d6 6.N1c3 a6 7.Na3 Be6 8.Nc4 b5
9.Ne3 Nf6 10.g3 g6 11.Bg2 Bg7 12.O-O O-O 13.b3 Rc8 14.Bb2 Bh6 15.Ncd5 Bxd5
16.exd5 Ne7 17.a4 Qb6 18.axb5 axb5 19.Qd3 Bxe3 20.fxe3 Ng4 21.Rae1 f5 22.h3 Nf6
23.Kh2 b4 24.Qd1 Qc5 25.Rf2 Nexd5 26.Rd2 Nxe3 27.Rxe3 Qxe3 28.Rxd6 Qc5 29.Rd2 Qc7
30.Qe2 Rcd8 31.Rxd8 Rxd8 32.Qa6 Kf7 33.Qb5 e4 34.Qxb4 Nh5 35.Qe1 Qxc2 36.Qa5 Qf2
37.Be5 Rd2  0-1

[Event "Gibraltar Masters 2019"]
[Site "Caleta ENG"]
[Date "2019.01.30"]
[Round "9.92"]
[White "Merario Alarcon,Andres"]
[Black "Sanchez Jerez,E"]
[Result "1-0"]
[WhiteElo "2405"]
[BlackElo "2183"]

1.d4 Nf6 2.c4 g6 3.Nc3 d5 4.Nf3 Bg7 5.cxd5 Nxd5 6.g3 O-O 7.Bg2 c5 8.O-O cxd4
9.Nxd4 Nxc3 10.bxc3 Qa5 11.Qb3 Nc6 12.Be3 Qa6 13.Rfe1 e5 14.Nb5 Be6 15.Nc7 Bxb3
16.Nxa6 Bc4 17.Nc5 f5 18.Nxb7 e4 19.Nd6 Ba6 20.Rab1 Rfd8 21.Nb5 Bxb5 22.Rxb5 Bxc3
23.Reb1 Nd4 24.Rc5 Rab8 25.Rxb8 Rxb8 26.Bf1 Rb1 27.Kg2 Ba1 28.Rc8+ Kg7 29.Rc7+ Kf6
30.h4 Re1 31.Rxa7 Nxe2 32.Bd2  1-0

[Event "Gibraltar Masters 2019"]
[Site "Caleta ENG"]
[Date "2019.01.30"]
[Round "9.91"]
[White "Danielian,E"]
[Black "Burrows,M"]
[Result "1-0"]
[WhiteElo "2427"]
[BlackElo "2156"]

1.d4 Nf6 2.Nf3 e6 3.e3 b6 4.Bd3 Bb7 5.O-O c5 6.c4 Be7 7.Nc3 a6 8.Bc2 cxd4
9.exd4 Qc7 10.Bd3 d5 11.cxd5 Nxd5 12.Bd2 Nd7 13.Rc1 Qb8 14.Re1 N7f6 15.Ne5 O-O
16.Bg5 Qd6 17.Bb1 Rac8 18.Qd3 g6 19.Qh3 Nh5 20.Ne4 Ndf4 21.Qe3 Bxe4 22.Bxe7 Qxe7
23.Bxe4 g5 24.g3 Nd5 25.Bxd5 exd5 26.Qf3 Rxc1 27.Rxc1 Nf6 28.Rc6 Ne4 29.a3 Rb8
30.Qf5 Rb7 31.f3 Nd2 32.Rh6 Kf8 33.Rxh7 Qe6 34.Qxe6  1-0

[Event "Gibraltar Masters 2019"]
[Site "Caleta ENG"]
[Date "2019.01.30"]
[Round "9.90"]
[White "Osmanodja,F"]
[Black "Avila Fraire,Ameyalli"]
[Result "1-0"]
[WhiteElo "2318"]
[BlackElo "1994"]

1.e4 c5 2.Nc3 Nc6 3.Nf3 d6 4.d4 cxd4 5.Nxd4 Nf6 6.Bg5 e6 7.Qd2 a6 8.O-O-O Be7
9.Kb1 Qc7 10.f4 Bd7 11.Nf3 b5 12.e5 dxe5 13.fxe5 Nd5 14.Nxd5 exd5 15.Bxe7 Nxe7
16.Qg5 Ng6 17.h4 h6 18.Qg3 O-O 19.Bd3 Rac8 20.h5 Ne7 21.Nd4 Nc6 22.Nxc6 Qxc6
23.Rhf1 Qe6 24.Rde1 Qg4 25.Qh2 Rfe8 26.Re3 Qg5 27.Rfe1 Bg4 28.e6 Rxe6 29.Rxe6 Bxe6
30.Qd6 Qd2 31.Qe5 Qxg2 32.Qd4 Qh2 33.Rg1 f6 34.Qa7 Bf7 35.Re1 Re8 36.Rxe8+ Bxe8
37.b3 Qd6 38.Qa8 Qc6 39.Qd8 Qd7 40.Qa8 Qe6 41.Bg6 Kf8 42.Bxe8 Qxe8 43.Qxa6 Qd7
44.a4 bxa4 45.bxa4 Ke7 46.a5 Qd6 47.Qb7+ Ke6 48.a6 Qc5 49.a7 Qg1+ 50.Ka2  1-0